[Event "GER-chB Seniors 26th"]
[Site "Bad Neuenahr"]
[Date "2014.08.11"]
[Round "7"]
[White "Duerr, Hanno"]
[Black "Fischer, Paul"]
[Result "1/2-1/2"]
[WhiteElo "1913"]
[BlackElo "1892"]
[PlyCount "72"]
[EventDate "2014.08.05"]
[EventType "swiss"]
[EventRounds "9"]
[EventCountry "GER"]
[SourceTitle "EXT 2018"]
[Source "ChessBase"]
[SourceDate "2017.10.13"]
[SourceVersion "1"]
[SourceVersionDate "2017.10.13"]
[SourceQuality "1"]

1. d4 c5 2. e3 e6 3. c3 Nf6 4. Nd2 Nc6 5. Ngf3 d5 6. Bd3 c4 7. Bc2 Be7 8. 0-0 0-0 9. b3 cxb3 10. axb3 a6 11. Re1 Bd7 12. e4 dxe4 13. Nxe4 Nxe4 14. Rxe4 f5 15. Re1 Qe8 16. Bg5 Bxg5 17. Nxg5 Qg6 18. f4 Rae8 19. d5 Nd8 20. Nf3 exd5 21. Qxd5+ Be6 22. Qd3 Nc6 23. Re3 Rd8 24. Qe2 Rfe8 25. Re1 Bf7 26. Nh4 Rxe3 27. Qxe3 Qf6 28. Nxf5 Re8 29. Qg3 Rxe1+ 30. Qxe1 Kf8 31. Qd2 Bxb3 32. Bxb3 Qxf5 33. Bc2 Qc5+ 34. Kf1 h6 35. g4 Qc4+ 36. Kg2 Ne7 1/2-1/2

[Event "GER-chB Seniors 26th"]
[Site "Bad Neuenahr"]
[Date "2014.08.07"]
[Round "3"]
[White "Duerr, Hanno"]
[Black "Babichev, Vyacheslav"]
[Result "1-0"]
[WhiteElo "1913"]
[BlackElo "1786"]
[PlyCount "91"]
[EventDate "2014.08.05"]
[EventType "swiss"]
[EventRounds "9"]
[EventCountry "GER"]
[SourceTitle "EXT 2018"]
[Source "ChessBase"]
[SourceDate "2017.10.13"]
[SourceVersion "1"]
[SourceVersionDate "2017.10.13"]
[SourceQuality "1"]

1. d4 Nf6 2. Nf3 e6 3. e3 b6 4. Bd3 Bb7 5. Nbd2 Be7 6. 0-0 0-0 7. Re1 d6 8. Qe2 Nbd7 9. e4 e5 10. c3 a6 11. Nh4 Nxe4 12. Nf5 Nxd2 13. Nxe7+ Qxe7 14. Bxd2 f5 15. dxe5 dxe5 16. Bc4+ Kh8 17. Rad1 b5 18. Bb3 Qf6 19. f4 e4 20. Be3 Rad8 21. a4 c6 22. axb5 cxb5 23. c4 Bc6 24. c5 Qe7 25. Rd6 Nb8 26. Red1 Rxd6 27. Rxd6 Rd8 28. Qd2 Rxd6 29. cxd6 Qb7 30. Be6 Bd7 31. Bd5 Qc8 32. Qa5 Nc6 33. Qb6 h6 34. Bd2 Nb8 35. Bc3 Qe8 36. Kf2 Kh7 37. Ke3 Qc8 38. h4 Kg6 39. Qd4 Qf8 40. Qd1 h5 41. Qe1 Kh7 42. Qg3 g6 43. Qg5 Qxd6 44. Qd8 Qc5+ 45. Ke2 Qc8 46. Qe7+ 1-0

[Event "Wuerttemberg-ch Seniors op 26th"]
[Site "Freudenstadt"]
[Date "2014.07.21"]
[Round "6"]
[White "Abegg, Beat"]
[Black "Duerr, Hanno"]
[Result "1/2-1/2"]
[WhiteElo "1910"]
[BlackElo "1913"]
[PlyCount "63"]
[EventDate "2014.07.16"]
[EventType "swiss"]
[EventRounds "9"]
[EventCountry "GER"]
[SourceTitle "EXT 2019"]
[Source "ChessBase"]
[SourceDate "2018.10.10"]
[SourceVersion "1"]
[SourceVersionDate "2018.10.10"]
[SourceQuality "1"]

1. d4 d5 2. c4 c6 3. Nf3 Nf6 4. e3 Nbd7 5. b3 e6 6. Bb2 Bd6 7. Bd3 0-0 8. 0-0 Re8 9. Ne5 Bf8 10. Nxd7 Nxd7 11. Nd2 h6 12. Nf3 a6 13. a4 b6 14. Qe2 Bb7 15. e4 c5 16. Rfe1 dxe4 17. Bxe4 Bxe4 18. Qxe4 cxd4 19. Nxd4 Nc5 20. Qe3 a5 21. Rad1 Qg5 22. f4 Qh5 23. Nf3 Rad8 24. Be5 Rc8 25. Bd6 Qg6 26. Bxf8 Kxf8 27. Ne5 Qc2 28. Nd7+ Nxd7 29. Rxd7 Rc6 30. Ra1 Kg8 31. Rd2 Qf5 32. Rd8 1/2-1/2

[Event "MVP-ch Seniors op 12th"]
[Site "Binz"]
[Date "2012.11.28"]
[Round "1"]
[White "Duerr, Hanno"]
[Black "Graffenberger, Wilhelm"]
[Result "0-1"]
[WhiteElo "1772"]
[BlackElo "1510"]
[PlyCount "82"]
[EventDate "2012.11.28"]
[EventType "swiss"]
[EventRounds "9"]
[EventCountry "GER"]
[SourceTitle "EXT 2014"]
[Source "ChessBase"]
[SourceDate "2013.11.20"]
[SourceVersion "1"]
[SourceVersionDate "2013.11.20"]
[SourceQuality "1"]

1. d4 Nf6 2. Nf3 e6 3. e3 c5 4. Bd3 Nc6 5. c3 cxd4 6. exd4 d5 7. 0-0 Bd6 8. Re1 0-0 9. Nbd2 Qc7 10. Qe2 Bd7 11. Ne5 h6 12. Ndf3 Rfe8 13. h3 Bc8 14. Bf4 Nh5 15. Be3 Nf6 16. Bf4 Nh5 17. Bd2 Nf6 18. Nh2 a6 19. Nhg4 Bxe5 20. Nxe5 Nxe5 21. dxe5 Nd7 22. Rad1 Nc5 23. Bb1 Qe7 24. Qg4 f5 25. exf6 Qxf6 26. Be3 e5 27. Qg3 Ne4 28. Bxe4 dxe4 29. Bc5 Bf5 30. Rd6 Re6 31. Rd5 Rae8 32. Red1 Qg6 33. Qe3 Qh5 34. Rd6 Rg6 35. Rxg6 Qxd1+ 36. Kh2 Bxg6 37. c4 Qd3 38. Qc1 Rc8 39. b4 b6 40. Bxb6 Rxc4 41. Qb2 Qc3 0-1

[Event "Baden-ch Seniors"]
[Site "Badenweiler"]
[Date "2009.06.06"]
[Round "8"]
[White "Gierse, Heinz Dieter"]
[Black "Duerr, Hanno"]
[Result "1-0"]
[WhiteElo "2129"]
[BlackElo "1944"]
[PlyCount "87"]
[EventDate "2009.06.01"]
[EventType "swiss"]
[EventRounds "9"]
[EventCountry "GER"]
[SourceTitle "EXT 2010"]
[Source "ChessBase"]
[SourceDate "2010.11.25"]
[SourceVersion "1"]
[SourceVersionDate "2010.11.25"]
[SourceQuality "1"]

1. Nf3 Nf6 2. g3 c5 3. Bg2 Nc6 4. 0-0 e5 5. d3 d5 6. Nbd2 Be7 7. e4 dxe4 8. dxe4 0-0 9. c3 Qc7 10. Re1 Rd8 11. Qc2 h6 12. Nh4 g6 13. Nc4 Bf8 14. Qe2 Kh7 15. h3 Be6 16. Ne3 Ne7 17. Ng4 Nxg4 18. hxg4 c4 19. g5 Qd7 20. gxh6 Qd3 21. Bg5 Qxe2 22. Rxe2 Rd3 23. Nf3 Nc6 24. Bf6 Bg4 25. Ng5+ Kxh6 26. Nxf7+ Kh7 27. Rc2 Re8 28. Bf1 Kg8 29. Ng5 Bh6 30. Nh3 Rf8 31. Bg5 Bxg5 32. Nxg5 Rf6 33. Bxd3 cxd3 34. Rd2 Be2 35. Kg2 Kg7 36. Rh1 b5 37. Rh7+ Kg8 38. Rc7 a5 39. f4 a4 40. b3 axb3 41. axb3 Na5 42. Ra2 Nxb3 43. Ra8+ Rf8 44. Raa7 1-0

[Event "Baden-ch Seniors"]
[Site "Badenweiler"]
[Date "2009.06.05"]
[Round "5"]
[White "Blum, Pierre1111"]
[Black "Duerr, Hanno"]
[Result "1/2-1/2"]
[WhiteElo "1734"]
[BlackElo "1944"]
[PlyCount "48"]
[EventDate "2009.06.01"]
[EventType "swiss"]
[EventRounds "9"]
[EventCountry "GER"]
[SourceTitle "EXT 2010"]
[Source "ChessBase"]
[SourceDate "2010.11.25"]
[SourceVersion "1"]
[SourceVersionDate "2010.11.25"]
[SourceQuality "1"]

1. e4 b6 2. d4 Bb7 3. Nc3 e6 4. Nf3 Bb4 5. Bd3 Nf6 6. Bg5 Qc8 7. Bxf6 gxf6 8. a3 Be7 9. 0-0 Rg8 10. d5 c5 11. Bc4 a6 12. a4 Qc7 13. Qd2 Bf8 14. Rad1 Rg6 15. dxe6 fxe6 16. Kh1 Nc6 17. Rfe1 0-0-0 18. Qe2 Rh6 19. Bxa6 Qf4 20. Bxb7+ Kxb7 21. g3 Qb8 22. Nb5 d5 23. exd5 exd5 24. Qe6 Qc8 1/2-1/2

[Event "Baden-ch HT2"]
[Site "Oberwinden"]
[Date "2007.04.06"]
[Round "1"]
[White "Duerr, Hanno"]
[Black "Becker, Hans Peter"]
[Result "0-1"]
[WhiteElo "2006"]
[BlackElo "1825"]
[PlyCount "116"]
[EventDate "2007.04.06"]
[EventType "swiss"]
[EventRounds "9"]
[EventCountry "GER"]
[SourceTitle "CBM 117 Extra"]
[Source "ChessBase"]
[SourceDate "2007.05.09"]
[SourceVersion "1"]
[SourceVersionDate "2007.05.09"]
[SourceQuality "1"]

1. d4 d5 2. Nf3 Nf6 3. e3 Bf5 4. c4 c6 5. Nc3 e6 6. Ne5 Nbd7 7. g4 Nxe5 8. gxf5 Ned7 9. fxe6 fxe6 10. Bd2 Qe7 11. f4 0-0-0 12. Qc2 Ng4 13. h4 Kb8 14. Be2 Ndf6 15. Rg1 h5 16. 0-0-0 dxc4 17. Bxc4 Nd5 18. Qb3 Ndxe3 19. Rde1 Nxc4 20. Qxc4 Qxh4 21. Rxe6 Qf2 22. Rd1 Qxd4 23. Qxd4 Rxd4 24. Re8+ Kc7 25. Ne4 Kd7 26. Ra8 Rxe4 27. Bb4+ Ke6 28. Rxf8 Rxf8 29. Bxf8 Rc4+ 30. Kb1 Rxf4 31. Bxg7 Rf7 32. Bc3 Rh7 33. Rg1 Kf5 34. Rf1+ Ke4 35. Bd2 Kd3 36. Kc1 Ke2 37. Rf4 Rd7 38. Re4+ Kf3 39. Re8 Rh7 40. Bg5 Kg3 41. Rd8 Nf2 42. Rd4 h4 43. Bxh4+ Rxh4 44. Rd7 Rc4+ 45. Kb1 Rb4 46. b3 Ne4 47. Kc2 Nc5 48. Re7 Kf4 49. Rh7 Ke5 50. Kc3 a5 51. Rh3 Ne4+ 52. Kc2 a4 53. Kb2 axb3 54. axb3 Nc5 55. Rh5+ Kd6 56. Kc3 Rxb3+ 57. Kc4 b5+ 58. Kd4 Rd3# 0-1

[Event "Stuttgart-chA int"]
[Site "Ditzingen"]
[Date "2006.05.27"]
[Round "6"]
[White "Lenzen, Martin Oliver"]
[Black "Duerr, Hanno"]
[Result "1-0"]
[WhiteElo "1868"]
[BlackElo "1999"]
[PlyCount "115"]
[EventDate "2006.05.25"]
[EventType "swiss"]
[EventRounds "7"]
[EventCountry "GER"]
[SourceTitle "EXT 2018"]
[Source "ChessBase"]
[SourceDate "2017.10.13"]
[SourceVersion "1"]
[SourceVersionDate "2017.10.13"]
[SourceQuality "1"]

1. e4 c5 2. Nc3 Nc6 3. g3 d6 4. Bg2 Nf6 5. d3 g6 6. f4 Bg7 7. Nf3 Bg4 8. h3 Bd7 9. 0-0 Qa5 10. Bd2 Qb6 11. Kh2 0-0 12. g4 Rad8 13. Rb1 Bc8 14. Qe1 Nxg4+ 15. hxg4 Bxg4 16. Nd5 Qa6 17. a3 e6 18. Ne3 f5 19. Nxg4 fxg4 20. Ng1 Rde8 21. Ne2 Qb6 22. Bc3 Qc7 23. Qh4 h5 24. Bxg7 Qxg7 25. c3 Ne7 26. Ng3 b6 27. Rbe1 Qf6 28. Qxf6 Rxf6 29. e5 dxe5 30. fxe5 Rf7 31. Ne4 Nf5 32. Nf6+ Rxf6 33. exf6 Kf7 34. b4 Rc8 35. bxc5 Rxc5 36. c4 Kxf6 37. Rc1 Kg5 38. Rfe1 e5 39. Bd5 Kf6 40. Re4 b5 41. Rce1 bxc4 42. dxc4 Ra5 43. Rxe5 Rxa3 44. R5e2 h4 45. c5 Rc3 46. c6 Kg5 47. Be4 a5 48. Rc2 Rh3+ 49. Kg2 Nd4 50. Rc5+ Kf4 51. c7 Rg3+ 52. Kf2 Rb3 53. c8Q g3+ 54. Kf1 a4 55. Qc7+ Kg4 56. Qd7+ Nf5 57. Bxf5+ gxf5 58. Qxf5# 1-0

[Event "Stuttgart-chA int"]
[Site "Ditzingen"]
[Date "2006.05.26"]
[Round "3"]
[White "Duerr, Hanno"]
[Black "Dausch, Rene"]
[Result "0-1"]
[WhiteElo "1999"]
[BlackElo "2349"]
[PlyCount "82"]
[EventDate "2006.05.25"]
[EventType "swiss"]
[EventRounds "7"]
[EventCountry "GER"]
[SourceTitle "EXT 2018"]
[Source "ChessBase"]
[SourceDate "2017.10.13"]
[SourceVersion "1"]
[SourceVersionDate "2017.10.13"]
[SourceQuality "1"]

1. d4 Nf6 2. Nf3 g6 3. Nbd2 d5 4. e3 Bg7 5. c4 0-0 6. b4 b6 7. c5 a5 8. cxb6 axb4 9. bxc7 Qxc7 10. Bb2 Nc6 11. Be2 Ba6 12. 0-0 Rfb8 13. h3 Ne8 14. Bxa6 Rxa6 15. Qe2 Qa7 16. Ne5 Nxe5 17. dxe5 Rxa2 18. Bd4 Qa4 19. Rxa2 Qxa2 20. Qd3 Qa4 21. Ra1 Qc6 22. f4 Nc7 23. Nb3 Qc4 24. Qd1 Nb5 25. Na5 Qc7 26. Nb3 Nc3 27. Rc1 Qc4 28. Bxc3 bxc3 29. Nd4 Rb2 30. Rc2 f6 31. Ne2 Rxc2 32. Qxc2 fxe5 33. f5 e4 34. Nf4 gxf5 35. Ne6 d4 36. Nxd4 Bxd4 37. exd4 Qxd4+ 38. Kh1 Kg7 39. Qc1 Qd2 40. Qa3 Qd1+ 41. Kh2 Qd6+ 0-1

[Event "GER-ch Seniors-B 17th"]
[Site "Essen"]
[Date "2005.08.20"]
[Round "1"]
[White "Jantzen, Ludwig"]
[Black "Duerr, Hanno"]
[Result "1/2-1/2"]
[WhiteElo "1598"]
[BlackElo "2020"]
[PlyCount "53"]
[EventDate "2005.08.20"]
[EventType "swiss"]
[EventRounds "9"]
[EventCountry "GER"]
[SourceTitle "CBM 108 Extra"]
[Source "ChessBase"]
[SourceDate "2005.11.04"]
[SourceVersion "1"]
[SourceVersionDate "2005.11.04"]
[SourceQuality "1"]

1. d4 d5 2. c4 e6 3. Nc3 Nf6 4. Bg5 Be7 5. cxd5 exd5 6. e3 Bf5 7. Bxf6 Bxf6 8. Qb3 0-0 9. Qxd5 Qc8 10. Nf3 Nc6 11. Qb3 Re8 12. Be2 a5 13. a3 Bd7 14. 0-0 a4 15. Qc2 Ne7 16. Rac1 Nf5 17. Nd5 Bc6 18. Nxf6+ gxf6 19. Bd3 Nd6 20. Be2 Ra5 21. Rfd1 Qe6 22. Nd2 Rg5 23. Nf3 Qg4 24. Ne1 Qh3 25. d5 Nf5 26. e4 Nh4 27. g3 1/2-1/2

[Event "Wuerttemberg-ch Seniors 15th"]
[Site "Ellwangen"]
[Date "2003.04.13"]
[Round "3"]
[White "Fritsch, Wolfgang"]
[Black "Duerr, Hanno"]
[Result "1/2-1/2"]
[WhiteElo "1715"]
[BlackElo "1783"]
[PlyCount "64"]
[EventDate "2003.04.??"]
[EventType "swiss"]
[EventRounds "9"]
[EventCountry "GER"]
[SourceTitle "EXT 2006"]
[Source "ChessBase"]
[SourceDate "2005.11.24"]
[SourceVersion "1"]
[SourceVersionDate "2005.11.24"]
[SourceQuality "1"]

1. e4 g6 2. d4 Bg7 3. Nf3 c6 4. Nc3 d6 5. h3 Nf6 6. Be3 0-0 7. Bd3 Qc7 8. 0-0 e5 9. dxe5 dxe5 10. Qe2 h6 11. Rfd1 Be6 12. Bc4 Re8 13. Bxe6 Rxe6 14. Qd2 Kh7 15. Qe2 Nbd7 16. Rd2 b5 17. a3 Nb6 18. Bxb6 Qxb6 19. Rad1 Rae8 20. Ne1 Bf8 21. Qf3 Kg7 22. Na2 a5 23. Qe2 Nh5 24. Kh2 Nf4 25. Qg4 h5 26. Qf3 Rf6 27. Qg3 g5 28. Qxg5+ Rg6 29. Qf5 Bc5 30. Rd7 Rf6 31. Qg5+ Rg6 32. Qf5 Rf6 1/2-1/2

[Event "Erlangen op 18th"]
[Site "Erlangen"]
[Date "2003.??.??"]
[Round "4"]
[White "Duerr, Hanno"]
[Black "Koksch, Florian"]
[Result "0-1"]
[WhiteElo "1765"]
[BlackElo "1641"]
[PlyCount "74"]
[EventDate "2003.11.??"]
[EventType "swiss"]
[EventRounds "5"]
[EventCountry "GER"]
[SourceTitle "EXT 2005"]
[Source "ChessBase"]
[SourceDate "2004.11.15"]
[SourceVersion "1"]
[SourceVersionDate "2004.11.15"]
[SourceQuality "1"]

1. d4 d5 2. Nf3 e6 3. e3 Nf6 4. Bd3 c5 5. c3 Nc6 6. Nbd2 Qc7 7. 0-0 Be7 8. Qe2 0-0 9. dxc5 Bxc5 10. e4 Rd8 11. h3 e5 12. exd5 Nxd5 13. Ne4 Bb6 14. Re1 f5 15. Neg5 e4 16. Bc4 h6 17. Nxe4 fxe4 18. Qxe4 Qf7 19. Be3 Bf5 20. Qh4 Bxe3 21. fxe3 Be6 22. Nd4 Nxd4 23. exd4 Nf4 24. Bxe6 Nxe6 25. Re5 Re8 26. Rf1 Qg6 27. Rfe1 Ng5 28. Qg4 Rxe5 29. dxe5 Qb6+ 30. Kh1 Qxb2 31. Qc4+ Kh8 32. e6 Re8 33. e7 Qd2 34. Re2 Qd1+ 35. Kh2 Qd6+ 36. Kh1 Rxe7 37. h4 Qd1+ 0-1

[Event "Erlangen op 18th"]
[Site "Erlangen"]
[Date "2003.??.??"]
[Round "2"]
[White "Duerr, Hanno"]
[Black "Thuerauf, Peter"]
[Result "1/2-1/2"]
[WhiteElo "1765"]
[BlackElo "1871"]
[PlyCount "37"]
[EventDate "2003.11.??"]
[EventType "swiss"]
[EventRounds "5"]
[EventCountry "GER"]
[SourceTitle "EXT 2005"]
[Source "ChessBase"]
[SourceDate "2004.11.15"]
[SourceVersion "1"]
[SourceVersionDate "2004.11.15"]
[SourceQuality "1"]

1. d4 Nf6 2. Nf3 d5 3. e3 e6 4. Bd3 c5 5. c3 Nc6 6. Nbd2 Be7 7. 0-0 0-0 8. dxc5 Bxc5 9. e4 Qc7 10. Qe2 Bd7 11. e5 Ng4 12. Nb3 Bb6 13. Bf4 f6 14. h3 Ngxe5 15. Kh1 Qb8 16. Nfd4 Bc7 17. Nb5 Bb6 18. N5d4 Bc7 19. Nb5 1/2-1/2

[Event "Erlangen op 18th"]
[Site "Erlangen"]
[Date "2003.??.??"]
[Round "3"]
[White "Jeute, Peter"]
[Black "Duerr, Hanno"]
[Result "1-0"]
[WhiteElo "1914"]
[BlackElo "1765"]
[PlyCount "106"]
[EventDate "2003.11.??"]
[EventType "swiss"]
[EventRounds "5"]
[EventCountry "GER"]
[SourceTitle "EXT 2005"]
[Source "ChessBase"]
[SourceDate "2004.11.15"]
[SourceVersion "1"]
[SourceVersionDate "2004.11.15"]
[SourceQuality "1"]

1. d4 e6 2. Nf3 Nf6 3. Bg5 d5 4. Nbd2 Nbd7 5. e3 c5 6. c3 Be7 7. Bd3 h6 8. Bh4 b6 9. Bb5 Bb7 10. Ne5 0-0 11. Nc6 Bxc6 12. Bxc6 Rc8 13. Bb5 Ne4 14. Bxe7 Qxe7 15. Nxe4 dxe4 16. Bxd7 Qxd7 17. dxc5 Qb5 18. Qe2 Qxc5 19. 0-0 Rc7 20. Rfd1 f5 21. Rd2 Qe7 22. Rad1 Kh7 23. Qb5 Rc5 24. Qd7 Qf6 25. Qxa7 f4 26. Qxb6 Rh5 27. exf4 Qh4 28. h3 Rxf4 29. Qxe6 Rg5 30. Kh2 Rf6 31. Qe8 Rf3 32. Qe6 Qf4+ 33. Kh1 e3 34. fxe3 Rxe3 35. Qd7 Qe4 36. Rf1 Re2 37. Rxe2 Qxe2 38. Rg1 Qxb2 39. Qd3+ Kg8 40. Qc4+ Kh8 41. a4 Rg3 42. Qc8+ Kh7 43. Qf5+ Kg8 44. c4 Rg5 45. Qe4 Qb8 46. Rb1 Qd6 47. Re1 Qd2 48. Rb1 Qd6 49. Qa8+ Kh7 50. a5 Qd3 51. Qb7 Qxc4 52. a6 Ra5 53. a7 Qc2 1-0

[Event "Wuerttemberg-ch Seniors 13th"]
[Site "Ellwangen"]
[Date "2001.??.??"]
[Round "8"]
[White "Rode, Thomas"]
[Black "Duerr, Hanno"]
[Result "0-1"]
[WhiteElo "1841"]
[BlackElo "1837"]
[PlyCount "128"]
[EventDate "2001.04.??"]
[EventType "swiss"]
[EventRounds "9"]
[EventCountry "GER"]
[SourceTitle "EXT 2006"]
[Source "ChessBase"]
[SourceDate "2005.11.24"]
[SourceVersion "1"]
[SourceVersionDate "2005.11.24"]
[SourceQuality "1"]

1. e4 g6 2. d4 Bg7 3. Nc3 c6 4. Bc4 d6 5. Qf3 e6 6. d5 b5 7. dxe6 Bxe6 8. Bxe6 fxe6 9. Nge2 Nd7 10. Qh3 Qe7 11. Nf4 Nc5 12. Be3 e5 13. Nd3 Nxd3+ 14. cxd3 Nf6 15. Bg5 0-0 16. 0-0 Qd7 17. Qxd7 Nxd7 18. Be7 Rf7 19. Bxd6 Bf8 20. Bxf8 Raxf8 21. b4 Rd8 22. a4 a6 23. axb5 axb5 24. Ra7 Nf8 25. Rxf7 Kxf7 26. f4 Rxd3 27. fxe5+ Ke7 28. Rf3 Rd4 29. Kf2 Rxb4 30. Rd3 Nd7 31. Rh3 h5 32. g4 hxg4 33. Rh7+ Ke6 34. Rg7 Nxe5 35. Rg8 Rc4 36. Re8+ Kf6 37. Ne2 Rxe4 38. Rf8+ Ke7 39. Rc8 Rc4 40. Ke3 Kd7 41. Rh8 c5 42. Nf4 g5 43. Rh7+ Kc6 44. Rh6+ Kb7 45. Nd5 b4 46. Rb6+ Kc8 47. Re6 Nd7 48. Rc6+ Kb7 49. Rc7+ Ka6 50. Rxd7 Kb5 51. Rd8 Rc2 52. Nc7+ Kc6 53. Ne6 Rxh2 54. Rc8+ Kd7 55. Rxc5 Kxe6 56. Rxg5 Rg2 57. Rb5 b3 58. Ke4 b2 59. Rb6+ Kd7 60. Kd5 g3 61. Rb7+ Kc8 62. Rb3 Rd2+ 63. Ke4 g2 64. Rc3+ Kd7 0-1